Bilecik Bilecik Bilecik Bilecik Bilecik

Medeniyetler çatışması ve dünya düzeninin yeniden kurulması/ (Record no. 59010)

MARC details
000 -BAŞLIK
Sabit Uzunluktaki Kontrol Alanı 01403nam a22003857a 4500
001 - KONTROL NUMARASI
Control Dosyası 0059206
003 - KONTROL NUMARASI KİMLİĞİ
Kontrol Alanı KOHA_MİRAKIL
005 - EN SON İŞLEM TARİHİ ve ZAMANI
Kontrol Alanı 20260207004220.0
007 - FİZİKSEL TANIM SABİT ALAN - GENEL BİLGİ
Sabit uzunluklu kontrol alanı ta
008 - SABİT UZUNLUKTAKİ VERİ ÖGELERİ - GENEL BİLGİ
Sabit Alan 160809b2015 tu |||gr||||#||||0|tur |
020 ## - ISBN - ULUSLARARASI STANDART KİTAP NUMARASI
Isbn 9758420402
040 ## - KATALOGLAMA KAYNAĞI
Özgün Kataloglama Kurumu TR-BiSEU
Kataloglama Dili tur
Çeviri Kurumu TR-BiSEU
Açıklama Kuralları rda
041 0# - DİL KODU
Metin ya da ses kaydının dil kodu tur
044 ## - YAYINLAYAN/ÜRETEN KURULUŞUN ÜLKE KODU
ISO country code tu
050 ## - SINIFLAMA ve YER NUMARASI
Sınıflama Numarası JX1417
Yer Numarası .H86 2015
100 1# - KİŞİ ADI
Yazar Adı (Kişi adı) Huntington, Samuel P..
240 10 - TEK BİÇİM BAŞLIK
Tekbiçim Başlık <a href="The clash of civilizations and the remaking of world order.">The clash of civilizations and the remaking of world order.</a>
Language of a work Türkçe
245 1# - ESER ADI BİLDİRİMİ
Başlık Medeniyetler çatışması ve dünya düzeninin yeniden kurulması/
Sorumluluk Bildirimi Samuel P. Huntington ; Samuel P. Huntington; İngilizceden çevirenler Merhmet Turhan, Y. Z. Cem Soydemir.
250 ## - BASIM BİLDİRİMİ
Basım Bildirimi 14. Basım
264 #1 - ÜRERİM, YAYIN, DAĞITIM ve TELİF BİLDİRİMİ
Yayın yeri İstanbul :
Yayınlayan Okuyan Us Yayın
Yayın tarihi 2015
300 ## - FİZİKSEL TANIMLAMA
Sayfa, Cilt vb. 536 sayfa; 24 cm.
336 ## - İÇERİK TÜRÜ
Content type term metin
Content type code txt
Source rdacontent
337 ## - MEDYA TÜRÜ
Media type term aracısız
Media type code n
Source rdamedia
338 ## - TAŞIYICI TÜRÜ
Carrier type term cilt
Carrier type code nc
Source rdacarrier
490 1# - DİZİ BİLDİRİMİ
Dizi Bildirimi Tarih/İnceleme ;
Cilt Numarası 02
500 ## - GENEL NOT
Genel Not Özgün adı: The clash of civilizations and the remaking of world order.
500 ## - GENEL NOT
Genel Not Kaynakça ve dizin var.
500 ## - GENEL NOT
Genel Not "Çağın en çok tartışılan kitabı"
650 #0 - KONU BAŞLIĞI EK GİRİŞ - KONU TERİMİ
Konusal terim veya coğrafi ad Dünya tarihi--Siyasal faaliyet.
9 (RLIN) 50044
650 #0 - KONU BAŞLIĞI EK GİRİŞ - KONU TERİMİ
Konusal terim veya coğrafi ad Dünya tarihi--20.yy.
9 (RLIN) 50045
650 #0 - KONU BAŞLIĞI EK GİRİŞ - KONU TERİMİ
Konusal terim veya coğrafi ad World history--Political activity.
9 (RLIN) 50046
650 #0 - KONU BAŞLIĞI EK GİRİŞ - KONU TERİMİ
Konusal terim veya coğrafi ad World history--20th century.
9 (RLIN) 50047
830 1# - SERİ EK GİRİŞİ - TEKBİÇİM ESER ADI
Tekbiçim Başlık Tarih/İnceleme ;
Volume number/sequential designation 02
9 (RLIN) 109564
942 ## - EK GİRİŞ ÖGELERİ (KOHA)
Source of classification or shelving scheme Library of Congress Classification
Koha item type Book
Holdings
Materyal Türü Kalıcı Konum Mevcut Konum Raf Yeri Sınıflandırma Kaynağı Edinim Bilgisi Ana Konular Alt Konular Yer Numarası Demirbaş Numarası Fatura Tarihi Geri Çekilme Durumu Kayıp Durumu Hasarlı Durumu Kredi için değil Kayıt Tarih Toplam Ödünçverme Son Görülme Tarihi Son Kontrol Tarihi Genel / Bağış Notu
Book Prof. Dr. Azmi Özcan Kütüphanesi Prof. Dr. Azmi Özcan Kütüphanesi Uluğbey Salonu Library of Congress Classification Bağış SİYASET BİLİMİ Uluslararası Hukuk (Eski/Kullanım dışı) JX1417 .H86 2015 0059206 02/02/2026         09/08/2016 8 05/12/2024 05/12/2024 Genel Bağış